Lepidópteros de interés agrícola : orugas, isocas y otras larvas que dañan a los cultivos /

Guardado en:
Autor Principal: Margheritis, Aurelio E.
Otros Autores: Rizzo, Horacio F. E.
Formato: Libro
Idioma:Spanish
Publicado: Buenos Aires : Sudamericana, [1965]
Series:Colección El mundo agrícola. Serie "Plagas y enfermedades"
Materias:
Etiquetas: Agregar Etiqueta
Sin Etiquetas, Sea el primero en etiquetar este registro!
LEADER 00769nam a22001935a 4500
001 EEA.libagro007620
005 20180424124631.0
008 130809s1965####ag#a#####b####000#0#spa#d
082 0 4 |a 632.78 
100 1 |a Margheritis, Aurelio E. 
245 1 0 |a Lepidópteros de interés agrícola :  |b orugas, isocas y otras larvas que dañan a los cultivos /  |c [por] Aurelio E. Margheritis [y] Horacio F.E. Rizzo. 
260 |a Buenos Aires :  |b Sudamericana,  |c [1965] 
300 |a 193 p. :  |b il. ;  |c 20 cm. 
490 1 |a Colección El mundo agrícola. Serie "Plagas y enfermedades" 
504 |a Bibliografía: p. [187]-[190]. 
650 7 |a Lepidoptera  |2 agrovoc 
650 7 |a Insectos dañinos  |2 agrovoc 
700 1 |a Rizzo, Horacio F. E. 
859 |a AR-BbBCA  |b BIB. AGRONOMIA  |h 632.78  |i M328  |p 2006/5009